Programación lineal y análisis económico (Registro nro. 1925)
[ vista simple ]
| 000 -LEADER | |
|---|---|
| fixed length control field | 01474 a2200253 4500 |
| 001 - CONTROL NUMBER | |
| control field | 29646 |
| 005 - DATE AND TIME OF LATEST TRANSACTION | |
| control field | 20260407155606.0 |
| 008 - FIXED-LENGTH DATA ELEMENTS--GENERAL INFORMATION | |
| fixed length control field | 260407a1964 arg spa d |
| 003 - CONTROL NUMBER IDENTIFIER | |
| control field | AR-UNSa-BCEJYS |
| 040 ## - CATALOGING SOURCE | |
| Original cataloging agency | AR-UNSa-BCEJYS |
| Language of cataloging | spa |
| Transcribing agency | AR-UNSa-BCEJYS |
| 080 ## - UNIVERSAL DECIMAL CLASSIFICATION NUMBER | |
| Universal Decimal Classification number | 519.86 |
| Common auxiliary subdivision | Teoría de modelos económico-matemáticos |
| 041 ## - LANGUAGE CODE | |
| Language code of text/sound track or separate title | spa |
| 100 1# - MAIN ENTRY--PERSONAL NAME | |
| Personal name | Samuelson, Paul A. |
| 245 10 - TITLE STATEMENT | |
| Title | Programación lineal y análisis económico |
| 250 ## - EDITION STATEMENT | |
| Edition statement | 2a. ed. |
| 264 #1 - PRODUCTION, PUBLICATION, DISTRIBUTION, MANUFACTURE, AND COPYRIGHT NOTICE | |
| Place of production, publication, distribution, manufacture | Madrid : |
| Name of producer, publisher, distributor, manufacturer | Aguilar |
| Date of production, publication, distribution, manufacture, or copyright notice | 1964 |
| 300 ## - PHYSICAL DESCRIPTION | |
| Extent | xxiii, 572 p. |
| Dimensions | 22 cm. |
| 505 ## - FORMATTED CONTENTS NOTE | |
| Formatted contents note | 1. Introducción - 2. Conceptos básicos de programación lineal - 3. El problema de valoración; soluciones de mercado - 4. El álgebra de la programación lineal - 5. El problema de transporte - 6. Análisis de las empresas mediante la programación lineal - 7. Aplicación a la empresa; valoración y la dualidad - 8. Programación no lineal - 9. El sistema estático de Leontief - 10. El sistema de Leontief estático (continuación) - 11. Aspectos dinámicos de modelos lineales - 12. Programas eficientes de acumulación de capital - 13. La programación lineal y la teoría de equilibrio general - 14. La programación lineal y la economía del bienestar - 15. Elementos de la teoría de juegos - 16. Interrelaciones entre la programación lineal y la teoría de juegos |
| 590 ## - LOCAL NOTE (RLIN) | |
| Local note | niveau_biblio:m niveau_hierar:0 |
| 700 1# - ADDED ENTRY--PERSONAL NAME | |
| Personal name | Dorfman, Robert |
| 700 1# - ADDED ENTRY--PERSONAL NAME | |
| Personal name | Calleja, Anselmo |
| 700 1# - ADDED ENTRY--PERSONAL NAME | |
| Personal name | Solow, Robert M. |
| 942 ## - ADDED ENTRY ELEMENTS (KOHA) | |
| Koha item type | |
| Withdrawn status | Lost status | Damaged status | Not for loan | Home library | Current library | Shelving location | Date acquired | Total checkouts | Full call number | Barcode | Date last seen | Price effective from | Koha item type |
|---|---|---|---|---|---|---|---|---|---|---|---|---|---|
| Biblioteca Prof. Eusebio Cleto del Rey | Biblioteca Prof. Eusebio Cleto del Rey | 07/04/2026 | 519.86 D693p 2ed. | L22805 | 07/04/2026 | 07/04/2026 | Libro | ||||||
| Biblioteca Prof. Eusebio Cleto del Rey | Biblioteca Prof. Eusebio Cleto del Rey | 07/04/2026 | 519.86 D693p 2ed. | L22806 | 07/04/2026 | 07/04/2026 | Libro |